Effectif PSG 2024-2025 <3 - Statistiques

Statistiques générales
  • Ce quiz a été pris 90 fois
  • Le résultat moyen est 11 sur 23
Statistiques - réponses
Hint Réponse % Correct
AD Ousmane Dembélé
74%
DC Marquinhos
73%
GK Gianluigi Donnarumma
70%
DG Nuno Mendes
63%
AG Bradley Barcola
61%
DD Achraf Hakimi
57%
DG Lucas Hernández
57%
MC João Neves
54%
Coach Luis Enrique
54%
MC Vitinha
53%
AD Désiré Doué
51%
MDC Fabián Ruiz
50%
BU Gonçalo Ramos
50%
DC Presnel Kimpembe
46%
GK Arnau Tenas
44%
MDC Warren Zaïre-Emery
44%
DC Willian Pacho
41%
DC Lucas Beraldo
39%
MC Kang-In Lee
29%
GK Matvey Safonov
29%
MC Senny Mayulu
27%
DD Yoram Zague
16%
AG Kvaratskhelia
13%
Aucun quiz correspondant
Distribution des résultats
% des personnes avec chaque résultat
Percentile par nombre de réponses
Votre historique - résultats
Vous n’avez pas pris ce quiz